Vista normal
Vista MARC
Entrada Personal Name
Número de registros utilizados en: 1
001 - CONTROL NUMBER
- control field: 65815
003 - CONTROL NUMBER IDENTIFIER
- control field: OSt
005 - DATE AND TIME OF LATEST TRANSACTION
- control field: 20251022145515.0
008 - FIXED-LENGTH DATA ELEMENTS
- fixed length control field: 251022|| aca||aabn | a|a d
040 ## - CATALOGING SOURCE
- Original cataloging agency: OSt
- Transcribing agency: OSt
100 ## - HEADING--PERSONAL NAME
- Personal name: Garzón Forero, Jaime Eduardo,
- Dates associated with a name: 1960 - 1999,
- General subdivision: Biografia
670 ## - SOURCE DATA FOUND
- Source citation: Work cat.: (OSt)59517: Garzón, Alfredo aut 65814, Garzón :